[Event "ITA-ch U16 Girls"]
[Site "Merano"]
[Date "2008.07.10"]
[Round "6"]
[White "Palmitessa, Chiara"]
[Black "Pascalis, Valentina"]
[Result "1-0"]
[WhiteElo "1743"]
[BlackElo "1464"]
[PlyCount "61"]
[EventDate "2008.07.06"]
[EventType "swiss"]
[EventRounds "9"]
[EventCountry "ITA"]
[SourceTitle "EXT 2011"]
[Source "ChessBase"]
[SourceDate "2010.11.26"]
[SourceVersion "1"]
[SourceVersionDate "2010.11.26"]
[SourceQuality "1"]

1. e4 d5 2. exd5 Nf6 3. Nf3 Nxd5 4. Bc4 Nb6 5. Bb3 Nc6 6. c3 Bf5 7. d4 e6 8. Bf4 Bd6 9. Bxd6 cxd6 10. Nbd2 0-0 11. 0-0 Re8 12. Bc2 Bg4 13. h3 Bh5 14. Ne4 e5 15. dxe5 Bxf3 16. Qxf3 Nxe5 17. Qf5 Ng6 18. Ng5 Qc7 19. h4 Re5 20. Qg4 Qe7 21. Nf3 h5 22. Qg3 Re6 23. Rfe1 Ne5 24. Nd4 Nc6 25. Nxe6 fxe6 26. Qg6 Qxh4 27. Qxe6+ Kf8 28. Qxd6+ Kg8 29. Qe6+ Kf8 30. Bb3 Rd8 31. Qg8# 1-0